000 00449pab a2200181 454500
008 180718b2006 xxu||||| |||| 00| 0 eng d
100 _aChakrabarti, Prafulla
245 _aInjecting drug users in Kolkata
260 _c2006
300 _ap.296-313.
362 _aJul
650 _aDrugs - India - West Bengal
650 _aDrugs
700 _aChowdhury, Sudip K.
773 _aIndian Journal of Social Work
908 _aN
909 _a75241
999 _c75241
_d75241